Opening,Cleaning and Picking (Vol-1) (Record no. 5477)
[ view plain ]
| 000 -LEADER | |
|---|---|
| fixed length control field | 00597nam a22002177a 4500 |
| 003 - CONTROL NUMBER IDENTIFIER | |
| control field | BUBTL |
| 008 - FIXED-LENGTH DATA ELEMENTS--GENERAL INFORMATION | |
| fixed length control field | 170530b xxu||||| |||| 00| 0 eng d |
| 020 ## - INTERNATIONAL STANDARD BOOK NUMBER | |
| International Standard Book Number | 0-900739-02-9 |
| 082 ## - DEWEY DECIMAL CLASSIFICATION NUMBER | |
| Classification number | 677SZO |
| 100 ## - MAIN ENTRY--PERSONAL NAME | |
| 9 (RLIN) | 1085 |
| Personal name | Szaloki,Zoltan S. |
| 245 ## - TITLE STATEMENT | |
| Title | Opening,Cleaning and Picking (Vol-1) |
| 250 ## - EDITION STATEMENT | |
| Edition statement | 2nd |
| 260 ## - PUBLICATION, DISTRIBUTION, ETC. (IMPRINT) | |
| Place of publication, distribution, etc. | Manchester |
| Name of publisher, distributor, etc. | The Textile Institute |
| Date of publication, distribution, etc. | c1973 |
| 300 ## - PHYSICAL DESCRIPTION | |
| Extent | [xviii],228p. |
| Other physical details | ills. |
| Dimensions | 21cm. |
| 650 #0 - SUBJECT ADDED ENTRY--TOPICAL TERM | |
| 9 (RLIN) | 909 |
| Topical term or geographic name as entry element | Textile Engineering |
| 700 ## - ADDED ENTRY--PERSONAL NAME | |
| 9 (RLIN) | 1085 |
| Personal name | Szaloki,Zoltan S. |
| 760 ## - MAIN SERIES ENTRY | |
| Edition | 2nd |
| 856 ## - ELECTRONIC LOCATION AND ACCESS | |
| Password | 0 |
| Logon | 0 |
| Link text | Download |
| 942 ## - ADDED ENTRY ELEMENTS (KOHA) | |
| Source of classification or shelving scheme | |
| Koha item type | Books |
| Withdrawn status | Lost status | Source of classification or shelving scheme | Damaged status | Not for loan | Collection code | Permanent location | Current location | Shelving location | Date acquired | Inventory number | Total Checkouts | Full call number | Barcode | Date last seen | Copy number | Price effective from | Koha item type |
|---|---|---|---|---|---|---|---|---|---|---|---|---|---|---|---|---|---|
| Not For Loan | Non-fiction | Bangladesh University of Business and Technology Library | Bangladesh University of Business and Technology Library | Textile Engineering Stacks | 04/23/2017 | 23971 | 677SZO | BUBTL-200323971 | 05/30/2017 | C-1 | 05/30/2017 | Books | |||||
| Not For Loan | Non-fiction | Bangladesh University of Business and Technology Library | Bangladesh University of Business and Technology Library | Textile Engineering Stacks | 04/23/2017 | 23972 | 677SZO | BUBTL-200323972 | 05/30/2017 | C-2 | 05/30/2017 | Books | |||||
| Not For Loan | Non-fiction | Bangladesh University of Business and Technology Library | Bangladesh University of Business and Technology Library | Textile Engineering Stacks | 04/29/2017 | 23973 | 677SZO | BUBTL-200323973 | 05/30/2017 | C-3 | 05/30/2017 | Books |
